| 000 | 00957cam a22003015i 4500 | ||
|---|---|---|---|
| 001 | 016714464 | ||
| 003 | EG-ScBUE | ||
| 005 | 20230116130755.0 | ||
| 008 | 140318t2014 ohua f 000 0 eng d | ||
| 020 | _a9781440329937 (pbk.) | ||
| 020 | _a1440329931 | ||
| 040 |
_aStDuBDS _beng _erda _cStDuBDS _dEG-ScBUE |
||
| 082 | 0 | 4 |
_a751.45 _222 _bSAL |
| 100 | 1 |
_aSalaski, Cindy, _eauthor. _938353 |
|
| 245 | 1 | 0 |
_aMaster oil painting techniques : _bessential techniques from today's top artists / _cCindy Salaski. |
| 250 | _3First edition. | ||
| 264 | 1 |
_aCincinnati, OH : _bNorth Light Books, _c[2014] |
|
| 264 | 4 | _cc2014 | |
| 300 |
_a160 pages : _bcolor illustrations ; _c28 cm |
||
| 336 |
_2rdacontent _atext _btxt |
||
| 337 |
_2rdamedia _aunmediated _bn |
||
| 338 |
_2rdacarrier _avolume _bnc |
||
| 650 | 7 |
_aPainting _xTechnique. _2BUEsh _937955 |
|
| 651 | _2BUEsh | ||
| 653 |
_bCOMAME _bGGEN _cJune2015 _cAugust2015 |
||
| 655 | _vReading book | ||
| 942 |
_2ddc _cBB |
||
| 999 |
_c19642 _d19614 |
||